TEXTBOOK OF MEDICAL PHYSIOLOGY (Record no. 7499)

MARC details
000 -LEADER
fixed length control field 00474nam a22001817a 4500
005 - DATE AND TIME OF LATEST TRANSACTION
control field 20230118114721.0
008 - FIXED-LENGTH DATA ELEMENTS--GENERAL INFORMATION
fixed length control field 210301b ||||| |||| 00| 0 eng d
020 ## - INTERNATIONAL STANDARD BOOK NUMBER
ISBN 978813125773
041 ## - LANGUAGE CODE
Language code of text/sound track or separate title eng
082 ## - DEWEY DECIMAL CLASSIFICATION NUMBER
Classification number 612 HAL-T
100 ## - MAIN ENTRY--AUTHOR NAME
Personal name HALL ,JOHN E AND HALL MICHAEL E
245 ## - TITLE STATEMENT
Title TEXTBOOK OF MEDICAL PHYSIOLOGY
250 ## - EDITION STATEMENT
Edition statement 3'RD
260 ## - PUBLICATION, DISTRIBUTION, ETC. (IMPRINT)
Place of publication NEW DELHI
Name of publisher ELSEVIERS RELX INDIA
Year of publication 2020
300 ## - PHYSICAL DESCRIPTION
Number of Pages 1011 , p.
650 ## - SUBJECT ADDED ENTRY--TOPICAL TERM
Topical Term PHARMACY
General subdivision D.PHARMA
942 ## - ADDED ENTRY ELEMENTS (KOHA)
Koha item type Books
Holdings
Lost status Damaged status Collection code Home library Current library Shelving location Date acquired Source of acquisition Cost, normal purchase price Full call number Accession Number Koha item type
    PHARMACY JRU Library JRU Library SHELF-28-C 01/03/2021 UNNATI PUBLICATION PURCHASE 1908-/17-02-2021 1995.00 612 HAL-T 25717 Books